| 000 | 00640nam a2200181Ia 4500 | ||
|---|---|---|---|
| 003 | 0 | ||
| 005 | 20250127104120.0 | ||
| 008 | 150126s9999 xx 000 0 und d | ||
| 050 |
_aPGS HQ 784.A3 _b.Sa191 2014 |
||
| 100 | _aSamonte, Joaquin Ignacio D. | ||
| 245 |
_aGender and academic success of child actors / _cJoaquin Ignacio D. Samonte. |
||
| 260 |
_aLas PiƱas City, Philippines : _bSouthville International School and Colleges, _c2014. |
||
| 300 |
_a25 p. : _bill. ; _c28 cm. |
||
| 504 | _aIncludes bibliographical references. | ||
| 650 |
_aAcademic achievement _v Gender differences. |
||
| 650 | _aChild actors. | ||
| 942 |
_2lcc _cPASS |
||
| 999 |
_c278627 _d278627 |
||